Practical anatomy and physiology for pharmacy students / (Record no. 25538)
[ view plain ]
| 000 -LEADER | |
|---|---|
| fixed length control field | 01106nam a22002775a 4500 |
| 005 - DATE AND TIME OF LATEST TRANSACTION | |
| control field | 20171104131142.0 |
| 008 - FIXED-LENGTH DATA ELEMENTS--GENERAL INFORMATION | |
| fixed length control field | 171104s2016 ii a frb 001 0 eng d |
| 020 ## - INTERNATIONAL STANDARD BOOK NUMBER | |
| International Standard Book Number | 9789385915277 |
| 040 ## - CATALOGING SOURCE | |
| Original cataloging agency | EG-ScBUE |
| Language of cataloging | eng |
| Transcribing agency | EG-ScBUE |
| 082 04 - DEWEY DECIMAL CLASSIFICATION NUMBER | |
| Classification number | 612 |
| Item number | JOH |
| Edition number | 22 |
| 100 1# - MAIN ENTRY--PERSONAL NAME | |
| Personal name | John, NA. |
| 245 10 - TITLE STATEMENT | |
| Title | Practical anatomy and physiology for pharmacy students / |
| Statement of responsibility, etc | NA John. |
| 246 3# - VARYING FORM OF TITLE | |
| Title proper/short title | Practical anatomy and physiology for pharmacy students : |
| Remainder of title | text and viva voce, questions and answers |
| 250 ## - EDITION STATEMENT | |
| Edition statement | 1st ed. |
| 260 ## - PUBLICATION, DISTRIBUTION, ETC. (IMPRINT) | |
| Place of publication, distribution, etc | New Delhi : |
| Name of publisher, distributor, etc | CBS Publishers & Distributors pvt ltd., |
| Date of publication, distribution, etc | 2016. |
| 300 ## - PHYSICAL DESCRIPTION | |
| Extent | viii, 168 p. : |
| Other physical details | ill. (col.) ; |
| Dimensions | 24 cm. |
| 500 ## - GENERAL NOTE | |
| General note | on T. P. "Covers the curriculums recommended by Indian and international health universities for undergraduate and postgraduate courses in pharmacy." |
| 504 ## - BIBLIOGRAPHY, ETC. NOTE | |
| Bibliography, etc | Includes bibliographical references and index. |
| 650 #7 - SUBJECT ADDED ENTRY--TOPICAL TERM | |
| Topical term or geographic name as entry element | Human physiology. |
| Source of heading or term | BUEsh |
| 650 #7 - SUBJECT ADDED ENTRY--TOPICAL TERM | |
| Topical term or geographic name as entry element | Human anatomy. |
| Source of heading or term | BUEsh |
| 650 #7 - SUBJECT ADDED ENTRY--TOPICAL TERM | |
| Topical term or geographic name as entry element | Human physiology |
| Form subdivision | Examinations, questions, etc. |
| Source of heading or term | BUEsh |
| 651 ## - SUBJECT ADDED ENTRY--GEOGRAPHIC NAME | |
| Source of heading or term | BUEsh |
| 653 ## - INDEX TERM--UNCONTROLLED | |
| Resource For college | Pharmacy |
| Arrived date list | November2017 |
| 655 ## - INDEX TERM--GENRE/FORM | |
| Form subdivision | Text book |
| -- | 33728 |
| 942 ## - ADDED ENTRY ELEMENTS (KOHA) | |
| Source of classification or shelving scheme | Dewey Decimal Classification |
| Withdrawn status | Item status | Source of classification or shelving scheme | Damaged status | Not for loan | Vendor | Home library | Current library | Shelving location | Date acquired | Source of acquisition | Cost, normal purchase price | Total Checkouts | Full call number | Barcode | Date last seen | Koha item type | Total Renewals | Date last borrowed |
|---|---|---|---|---|---|---|---|---|---|---|---|---|---|---|---|---|---|---|
| Dewey Decimal Classification | Baccah | Central Library | Central Library | First floor | 04/11/2017 | Purchase | 320.00 | 612 JOH | 000042371 | 15/07/2025 | NB - Book (Non borrowing) | |||||||
| Dewey Decimal Classification | Baccah | Central Library | Central Library | First floor | 04/11/2017 | Purchase | 612 JOH | 000042372 | 15/07/2025 | NB - Book (Non borrowing) | ||||||||
| Dewey Decimal Classification | Baccah | Central Library | Central Library | First floor | 04/11/2017 | Purchase | 4 | 612 JOH | 000042373 | 15/07/2025 | Book - Borrowing | 4 | 30/11/2024 | |||||
| Dewey Decimal Classification | Baccah | Central Library | Central Library | First floor | 04/11/2017 | Purchase | 1 | 612 JOH | 000042374 | 15/07/2025 | Book - Borrowing | 3 | 09/01/2025 | |||||
| Dewey Decimal Classification | Baccah | Central Library | Central Library | First floor | 04/11/2017 | Purchase | 4 | 612 JOH | 000042375 | 15/07/2025 | Book - Borrowing | 17 | 10/02/2025 |